000 01177cam a22003737a 4500
003 CHAP
005 20220329142949.0
008 050429s2001 uk b r 00010 eng d
010 _a90217
011 _a91189
020 _a0 85199 417 2
035 _a101747
040 _cCHAP
082 _a631.847
_bG5 2001
100 0 0 _aGiller, Ken E.
_948018
245 0 _aNitrogen fixation in tropical cropping systems
_c/by Ken E. Giller
250 _a2 ed.
260 _aOxon :
_bCABI,
_c2001.
300 _a313 p.
_b: ilus
590 _aBATCH-UPD
_b10
_c20130110
_lUCH01
_h0051
590 _aBATCH-UPD
_b10
_c20130110
_lUCH01
_h1937
590 _aBATCH-UPD
_b10
_c20130409
_lUCH01
_h2038
590 _aBATCH-UPD
_b10
_c20130410
_lUCH01
_h1301
590 _aBATCH-UPD
_b10
_c20130914
_lUCH01
_h1132
590 _aCONVERSION
_b10
_c20130109
_lUCH01
_h1350
650 1 4 _aCultivos tropicales.
_930383
650 1 4 _aNitrificación.
_981394
650 1 4 _aNitrógeno
_xFijación.
_981472
650 1 4 _aSistemas de cultivo.
_9106746
901 _aBK
905 _aLilia
942 _cLIBRO
949 _a631.847 G5 2001
_bBC
_cLIBRO
_d33724000946646
_eLIBRO
_gI.224376
_h105541
_i101747
_si
_t$1.427.00
999 _c90217
_d90217